Z bratislavskej Stoky až k Placidovi Domingovi kočovný život mi vyhovuje, lebo mi dáva pocit slobody, hovorí scénograf Boris Kudlička, ktorý ...

Bibliographic Details
Main Authors: Švolík, Jozef (ain), Kudlička, Boris, 1972- (Author, uin)
Format: Article
Language:Slovak
PhysicalDescription:Fotogr.
ISSN:1335-4051
Subjects:

MARC

LEADER 00000nab a2200000 a 4500
001 vtls000826412
003 SK-MaSNL
005 20260330150408.0
008 040806c2003 xo 0 slo
015 |a SNBRB2003/03-06322 
035 |a CLN000178067 
040 |a SNKBUCL  |b slo  |c SNKBUCL  |e AACR2 
041 0 |a slo 
044 |a xo  |c SK 
080 |a 792.021.071.1  |2 UDC-MRF-SK2 
100 1 |a Švolík, Jozef  |4 ain  |9 840530 
245 1 0 |a Z bratislavskej Stoky až k Placidovi Domingovi  |b kočovný život mi vyhovuje, lebo mi dáva pocit slobody, hovorí scénograf Boris Kudlička, ktorý ...  |c [zhováral sa] Jozef Švolík 
300 |b Fotogr. 
600 1 7 |a Kudlička, Boris,   |d 1972-  |2 snkbucl  |9 1635891 
655 7 |a články z novín a časopisov  |2 snkbucl  |9 267496 
700 1 |a Kudlička, Boris,   |d 1972-  |4 aut  |4 uin  |9 1635891 
773 0 |x 1335-4051  |t Pravda  |g Roč. 13, č. 24 (30.1.2003), s. 23 
850 |a Slovenská národná knižnica v Martine 
852 |a SNK  |b KIS3GCP 
999 |c 1382363  |d 1384293